000 01509nam a2200265Ia 4500
999 _c54933
_d54933
001 22004
003 GE_BSU
005 20220923140330.0
008 181216s ||||ge |||||||||||||| ||geo||
020 _a9992898283
040 _cGE_BSU
041 _ageo
080 _a821.14'01 კ-76
100 _aკორომილა, მარიანა
_914736
245 _aოთხი მოთხრობა დაკარგული სავსე მთვარისათვის /
_cმარიანა კორომილა ; ბერძნულიდან თარგმნა და ბოლოსიტყვაობა დაურთო თამარ მესხმა ; რედ. რუსუდან ცანავა.
264 _aთბილისი :
_bქრონოგრაფი,
_c2004.
300 _a96 გვ. :
_bილ. ;
_c20 სმ.
500 _aწიგნი გამოიცა საბერძნეთის კულტურის სამინისტროს თანადგომით
541 _h4ლ.
546 _aპარალელური სათაური ბერნულ ენაზე
653 _aბერძნული ლიტერატურა
653 _aოთხი მოთხრობა დაკარგული სავსე მთვარისათვის
700 _aცანავა, რუსუდან
_eრედაქტორი
_913931
942 _cBK
_2udc